Statistics for 姫路駅から出ている鉄道の列車の行き先

Click here to take the quiz!

General Stats

  • This quiz has been taken 56 times
  • The average score is 37 of 45

Answer Stats

HintAnswer% Correct
東海道新幹線東京
100%
東海道本線東京
100%
山陽新幹線岡山
100%
山陽新幹線新大阪
100%
山陽新幹線広島
100%
山陽本線岡山
100%
東海道本線京都
98%
東海道本線大阪
98%
山陽新幹線博多
98%
山陽電鉄本線山陽明石
96%
赤穂線播州赤穂
96%
九州新幹線鹿児島中央
96%
九州新幹線熊本
96%
東海道本線米原
94%
山陽本線西明石
91%
山陽本線三原
91%
山陰本線鳥取
91%
山陽新幹線三原
91%
因美線鳥取
91%
東海道本線草津
89%
山陽本線網干
87%
山陽本線上郡
87%
東海道本線野洲
87%
予讃線高松
85%
伯備線新見
85%
阪神本線大阪梅田
83%
阪神神戸高速線高速神戸
81%
山陰本線倉吉
81%
山陰本線出雲市
81%
播但線寺前
79%
阪神本線神戸三宮
79%
阪急神戸高速線神戸三宮
79%
山陽電鉄本線山陽須磨
77%
姫新線播磨新宮
74%
阪神神戸高速線新開地
74%
姫新線佐用
72%
姫新線上月
70%
山陰本線豊岡
70%
山陽電鉄本線飾磨
64%
播但線福崎
62%
山陰本線香住
62%
山陽電鉄本線東二見
62%
姫新線余部
51%
山陽電鉄本線東須磨
51%
阪神本線御影
49%

Score Distribution

Percentile by Number Answered

Percent of People with Each Score

Your Score History

You have not taken this quiz